000 00437nam a2200181Ia 4500
005 20240823040705.0
008 240823s9999||||xx |||||||||||||| ||und||
041 _aENGLISH
082 _A658.81 N0
100 _a"Bill,Donaldson"
245 0 _aSales management -Theory and Practice
250 _a1st
260 _b"Macmillan,"
500 _aYES
650 _aSales Management
_bManagement Studies
942 _cBK
999 _c203721
_d203721